Normal view
MARC view
Entry Topical Term
001 - CONTROL NUMBER
- control field: 15665
003 - CONTROL NUMBER IDENTIFIER
- control field: BD-RjUL
005 - DATE AND TIME OF LATEST TRANSACTION
- control field: 20250527111828.0
008 - FIXED-LENGTH DATA ELEMENTS
- fixed length control field: 250527|| aca||aabn | a|a d
040 ## - CATALOGING SOURCE
- Original cataloging agency: BD-RjUL
- Transcribing agency: BD-RjUL
150 ## - HEADING--TOPICAL TERM
- Topical term or geographic name entry element: Diaries
670 ## - SOURCE DATA FOUND
- Source citation: Work cat.: (BD-RjUL)84984: Robinson, Henry Crabb, 1775-1867 15662, Diary, reminiscences, and correspondence of Henry Crabb Robinson /, 1967